Safety, comfort and convenience systems with communication systems , function, regulation and components (Record no. 573405)
[ view plain ]
| 000 -LEADER | |
|---|---|
| fixed length control field | 01052nam a22001817a 4500 |
| 003 - CONTROL NUMBER IDENTIFIER | |
| control field | CEME |
| 005 - DATE AND TIME OF LATEST TRANSACTION | |
| control field | 20210628203359.0 |
| 008 - FIXED-LENGTH DATA ELEMENTS--GENERAL INFORMATION | |
| fixed length control field | 210122b xxu||||| |||| 00| 0 eng d |
| 020 ## - INTERNATIONAL STANDARD BOOK NUMBER | |
| International Standard Book Number | 0-470-05903-6 |
| 040 ## - CATALOGING SOURCE | |
| Transcribing agency | . |
| 082 ## - DEWEY DECIMAL CLASSIFICATION NUMBER | |
| Classification number | 629.276 GMB |
| 100 ## - MAIN ENTRY--PERSONAL NAME | |
| Personal name | Gmbh, Robert Bosch |
| 9 (RLIN) | 65089 |
| 245 ## - TITLE STATEMENT | |
| Title | Safety, comfort and convenience systems with communication systems , function, regulation and components |
| 260 ## - PUBLICATION, DISTRIBUTION, ETC. | |
| Place of publication, distribution, etc. | NEW YORK |
| Name of publisher, distributor, etc. | JOHN WILEY |
| Date of publication, distribution, etc. | 2006 |
| 300 ## - PHYSICAL DESCRIPTION | |
| Extent | 399 P |
| 650 ## - SUBJECT ADDED ENTRY--TOPICAL TERM | |
| Topical term or geographic name entry element | MOTOR VEHICLE SAFETY.CAR BRAKING SYSTEMS.WHEEL BRAKES.ANTILOCK BREAKING SYSTEM.TRACTION CONTROL SYSTEM.ELECTRONIC STABILITY PROGRAM.AUTOMATIC BRAKE FUNCTIONADAPTIVE CRUISE CONTROL.ELECTRONIC TRANSMISSION CONTROL.ELECTROHYDRAULIC ACTUATORS FOR TRANSMISSION CONTROL.OCCUPANT PROTECTION SYSTEMS.DRIVING ASSISTANCE SYSTEMS.PARKING SYSTEMS.HEATING VENTILATION AND AIR CONDITIONING.VEHICLE SECURITY SYSTEMS.AUDIO SYSTEMS OF CARS.CAR ANTENNAS.TRAFFIC INFORMATION RADIO SYSTEMS.NAVIGATION SYSTEMS.FLEET MANAGEMENT.TRAFFIC TELEMATICS.WORKSHOP TECHNOLOGY |
| 9 (RLIN) | 65090 |
| 942 ## - ADDED ENTRY ELEMENTS (KOHA) | |
| Koha item type | Book |
| Source of classification or shelving scheme | |
| Withdrawn status | Lost status | Damaged status | Not for loan | Permanent Location | Current Location | Shelving location | Date acquired | Total Checkouts | Full call number | Barcode | Date last seen | Price effective from | Koha item type |
|---|---|---|---|---|---|---|---|---|---|---|---|---|---|
| College of Electrical & Mechanical Engineering (CEME) | College of Electrical & Mechanical Engineering (CEME) | General Stacks | 07/27/2017 | 629.276 GMB | CEME-42899 | 06/28/2021 | 06/28/2021 | Book |
